Normal view
MARC view
Entry Personal Name
001 - CONTROL NUMBER
- control field: 700340
003 - CONTROL NUMBER IDENTIFIER
- control field: OSt
005 - DATE AND TIME OF LATEST TRANSACTION
- control field: 20221007083138.0
008 - FIXED-LENGTH DATA ELEMENTS
- fixed length control field: 221007|| aca||aabn | a|a d
040 ## - CATALOGING SOURCE
- Original cataloging agency: OSt
- Transcribing agency: OSt
100 ## - HEADING--PERSONAL NAME
- Personal name: Dhwoj Khagendra G.C
670 ## - SOURCE DATA FOUND
- Source citation: Work cat.: (OSt)1168969: Dhwoj Khagendra G.C., Right of self-defence as envisaged in united nations charter use or abuse
